000 00979nam a2200217 4500
005 20230309094952.0
008 230309s19971975nyua|||gr|||| 00| 0 eng d
020 _a0881880671
040 _aCO-BoUCM
_bspa
_cDeissy Garcia
_dDeissy Garcia
041 0 _aeng
100 1 _9176556
_aKander, John
245 1 0 _aChicago
_bthe musical : vocal selections
_cMúsica de John Kander ; letras de Fred Ebb
260 _aNueva York
_bHal Leonard
_c1997-1995
300 _a1 partitura (64 páginas)
_bilustraciones
500 _aPara voz y piano con acordes
505 _rAnd all that jazz -- Funny honey -- When you're good to Mama -- All I care about -- A little bit of good -- Roxie -- My own best friend -- Me and my baby -- Mister Cellophane -- Razzle dazzle -- Nowadays -- Class.
650 7 _aMusicales
_vPartituras vocales con piano
_vExtractos
_9176613
700 1 _9176557
_aEbb, Fred
942 _2DEWEY
_cLIBRO
_a17
_e1
_h782.14
_mK162c
_n0
999 _c322400
_d322400